000 00343nam a2200133Ia 4500
008 100328s9999 xx 000 0 und d
082 _b73083
100 _aरानडे जयंत.
245 _aखानदान
260 _bअभिनंदन.
630 _aखानदान
730 _aखानदान
942 _cBOOK
999 _c558804
_d558801